Główny skład Realu Madryt w sezonie 25/26 - Statystyki

Ogólne statystyki
  • Ten quiz został rozwiązany 79 razy
  • Średni wynik to 8 z 11
Odpowiedzi na mapie
Odpowiedzi zakodowano w zielono-czerwonej skali na mapie do tego quizu, zgodnie z poniższymi procentami.
 
Statystyki odpowiedzi
Odpowiedź % Poprawnych
Vinicius Junior
99%
Kylian Mbappe
94%
Antonio Rudiger
87%
Andriy Lunin
79%
Eder Militao
79%
Federico Valverde
79%
Jude Bellingham
76%
Arda Guler
72%
Ferland Mendy
68%
T. Alexander-Arnold
68%
Brahim Diaz
48%
Nie znaleziono quizów pasujących do podanych kryteriów
Rozkład punktacji
Procent ludzi z każdym wynikiem
Percentyl według liczby udzielonych odpowiedzi
Twoja historia wyników
Nie rozwiązałeś tego quizu